| Tag |
First Indicator |
Second Indicator |
Subfields |
| LEADER |
00000cam a2200000 a 4500 |
| 001 |
in00000017258 |
| 005 |
20151007053427.0 |
| 008 |
861105s1987 mau 00011 eng |
| 010 |
|
|
|a 86027408
|
| 020 |
|
|
|a 0395429218 :
|c $16.95
|
| 035 |
|
|
|a (OCoLC)14818279
|
| 035 |
|
|
|9 AAB1618AM
|
| 040 |
|
|
|a DLC
|c DLC
|d m/c
|d TXA
|d UtOrBLW
|
| 049 |
|
|
|a TXAM
|c [A11061749]
|
| 050 |
0 |
0 |
|a PR6058.A6986
|b W4 1987
|
| 082 |
0 |
|
|a 823/.914
|2 19
|
| 100 |
1 |
|
|a Harvey, Andrew,
|d 1952-
|
| 245 |
1 |
4 |
|a The web /
|c Andrew Harvey.
|
| 264 |
|
1 |
|a Boston :
|b Houghton Mifflin,
|c 1987.
|
| 300 |
|
|
|a 269 pages ;
|c 22 cm.
|
| 336 |
|
|
|a text
|b txt
|2 rdacontent
|
| 337 |
|
|
|a unmediated
|b n
|2 rdamedia
|
| 338 |
|
|
|a volume
|b nc
|2 rdacarrier
|
| 999 |
|
|
|a MARS
|
| 999 |
f |
f |
|s cc658afc-23fc-350c-a500-8643092d2ca1
|i 349142b7-a49b-35f0-b5c1-59b4eeb3ba94
|t 0
|
| 952 |
f |
f |
|p ric
|a Texas A&M University
|b Rellis Campus
|c Joint Library Facility
|d Remote Storage
|t 0
|e PR6058.A6986 W4 1987
|h Library of Congress classification
|i unmediated -- volume
|m A14811061749
|
| 998 |
f |
f |
|a PR6058.A6986 W4 1987
|t 0
|l Remote Storage
|